Localización Lindero de la reserva forestal protectora serranias de las Quinchas. (Registro nro. 18549)

Detalles MARC
000 -CABECERA
Campo de control 00898nem a2200241 u 4500
005 - FECHA Y HORA DE LA ULTIMA TRANSACCION
Campo de control 20191224042251.0
008 - ELEMENTOS DE LONGITUD FIJA—INFORMACION GENERAL
Campo de control 160513b xxu||||| |||| 00| 0 spa d
040 ## - FUENTE DE CATALOGACIÓN
Agencia catalogadora original CO-BoIAVH
Agencia transcriptora CO-BoIAVH
041 ## - IDIOMA
Código de idioma para texto/pista de sonido o título separado Español
044 ## - PAÍS DE PUBLICACIÓN
País de publicación Colombia
090 ## - CLASIFICACIÓN LOCAL
Colección MC-
Consecutivo 0207
110 2# - ASIENTO PRINCIPAL--NOMBRE CORPORATIVO
Nombre corporativo o de jurisdicción como elemento de entrada Empresa Colombiana de petroleos Distrito de Oleoductos
245 1# - MENCION DE TITULO
Título Localización Lindero de la reserva forestal protectora serranias de las Quinchas.
Medio físico [Material Cartografico]
Parte restante del título Proyecto: Estudio socioeconomico y evaluación fisico espacial para la delimitación de la reserva forestal protectora serrania de las quinchas
255 ## - DATOS MATEMATICOS CARTOGRAFICOS
Mención de escala 1:100.000
260 ## - PUBLICACION, DISTRIBUCION, ETC. (PIE DE IMPRENTA)
Lugar de publicación, distribución, etc. Bogota ;
Nombre del editor, distribuidor, etc. Ecopetrol
Fecha de publicación, distribución, etc. 1996.
300 ## - DESCRIPCION FISICA
Extensión 1 hoja ;
Otros detalles físicos color
Dimensiones 66 x 77 cm
650 16 - ASIENTO SECUNDARIO DE MATERIA - TERMINO TEMATICO
Término temático o nombre geográfico como elemento de entrada Geografía
650 16 - ASIENTO SECUNDARIO DE MATERIA - TERMINO TEMATICO
Término temático o nombre geográfico como elemento de entrada Hidrografía
650 16 - ASIENTO SECUNDARIO DE MATERIA - TERMINO TEMATICO
Término temático o nombre geográfico como elemento de entrada Vegetación
650 16 - ASIENTO SECUNDARIO DE MATERIA - TERMINO TEMATICO
Término temático o nombre geográfico como elemento de entrada Bosques
710 1# - ASIENTO SECUNDARIO - NOMBRE CORPORATIVO
Nombre corporativo o de jurisdicción como elemento de entrada Biocolombia
942 ## - ELEMENTOS ADICIONALES (KOHA)
Sistema de clasificación Local
Tipo de ítem Mapa
Existencias
Withdrawn status Lost status Sistema de Clasificación Damaged status No para préstamo Colección Ubicación Permanente Ubicación actual Fecha de adquisición Total Checkouts Número topográfico Inventario / Código de Barras Date last seen Ejemplar Price effective from Tipo de material
    Local       Bogotá Bogotá 13/05/2016   MC-0207 040189 13/05/2016 Ej.1 13/05/2016 Mapa